000 00211nam a2200121Ia 4500
100 _a#N/A
942 _cBK
654 _aMAT
245 _aPRACTICAL PAPERS
260 _b#N/A
546 _aENGLISH
999 _c31018
_d31018